Winners & Losers: US City vs Metro Populations - Statistics

General Stats
  • This quiz has been taken 1,151 times
  • The average score is 22 of 34
Answer Stats
Ranking Difference Answer City Population Metro Population City:Metro % Increase % Correct
+36 Miami 442,265 6,138,333 1288%
88%
+13 Detroit 639,614 4,392,041 587%
83%
+14 Boston 676,216 4,941,632 631%
82%
+29 Atlanta 498,602 6,089,815 1121%
81%
-28 Jacksonville 949,577 1,605,848 69%
78%
+20 Cleveland 373,091 2,088,251 460%
77%
+36 Tampa 346,037 2,824,724 716%
77%
+44 Orlando 307,674 2,673,376 769%
76%
-17 Austin 959,549 2,283,371 138%
75%
+48 St. Louis 301,578 2,820,253 835%
74%
-16 Nashville 689,504 1,617,142 135%
73%
-15 Memphis 632,207 1,337,779 112%
72%
+30 Minneapolis 428,403 3,690,261 761%
72%
+41 Pittsburgh 303,160 2,370,930 682%
72%
-17 San Antonio 1,434,270 2,558,143 78%
72%
-18 Columbus 905,672 1,858,464 105%
71%
-18 Indianapolis 887,752 1,778,568 100%
71%
+69 Salt Lake City 204,657 1,257,936 515%
68%
+14 Washington 689,545 6,385,162 826%
67%
-20 Oklahoma City 681,387 1,278,053 88%
66%
+26 Buffalo 278,302 1,166,902 319%
63%
-26 San Jose 1,014,545 2,000,468 97%
62%
-45 El Paso 678,587 868,859 28%
60%
-18 Louisville 632,689 1,285,439 103%
59%
-30 Albuquerque 564,563 916,528 62%
58%
-20 Omaha 490,627 967,604 97%
55%
-20 Tucson 541,349 1,043,433 93%
54%
+54 Richmond 226,610 1,314,434 480%
50%
+95 Providence 189,563 1,676,579 784%
49%
+191 Hartford 120,686 1,213,531 906%
46%
-24 Fresno 542,161 1,008,654 86%
45%
-40 Colorado Springs 479,260 755,105 58%
42%
-45 Wichita 397,070 647,610 63%
42%
+48 Riverside 314,347 4,599,839 1363%
37%
No matching quizzes found
Score Distribution
Percent of People with Each Score
Percentile by Number Answered
Your Score History
You have not taken this quiz